Language Quiz

Random Language Quiz

Vivre, suivre, savoir, connaitre Quiz Stats

 Plays Quiz not verified by Sporcle

Challenge
Share
Tweet
Embed
Score 0/28 Timer 10:00
0 Plays Today
Hint Answer % Correct
Je (savoir)sais
100%
Tu (savoir)sais
100%
Il, elle (savoir)sait
100%
Nous (savoir)savons
100%
Vous (savoir)savez
100%
Je (connaitre)connais
100%
Tu (connaitre)connais
100%
Il, elle (connaitre)connait
100%
Je (suivre)suis
93.8%
Tu (suivre)suis
93.8%
Il, elle (suivre)suit
93.8%
Nous (suivre)suivons
93.8%
Vous (suivre)suivez
93.8%
Je (vivre)vis
93.8%
Hint Answer % Correct
Tu (vivre)vis
93.8%
Il, elle (vivre)vit
93.8%
Nous (vivre)vivons
93.8%
Vous (vivre)vivez
93.8%
Nous (connaitre)connaissons
93.8%
Vous (connaitre)connaissez
93.8%
Ils, elles (suivre)suivent
87.5%
Ils elles (vivre)vivent
87.5%
Ils, Elles (savoir)savent
87.5%
Ils, Elles (connaitre)connaissent
81.3%
Passe Compose: Nous (savoir)avons su
75%
Passe Compose: Vous (connaitre)avez connu
75%
Passe compose: Je (suivre)ai suivi
68.8%
Passe compose: Tu (vivre)as vecu
56.3%

You're not logged in!

Compare scores with friends on all Sporcle quizzes.
Join for Free
OR
Log In

You Might Also Like...

Show Comments

Extras

Created May 19, 2014ReportNominate

Top Quizzes Today


Score Distribution

Your Account Isn't Verified!

In order to create a playlist on Sporcle, you need to verify the email address you used during registration. Go to your Sporcle Settings to finish the process.

Report this User

Report this user for behavior that violates our Community Guidelines.

Details: